logo

Bir Sreshtho Munshi Abdur Rouf Library
Jhenaidah Cadet College

মন জুড়ানি রুপকথা / (Record no. 981)

MARC details
000 -LEADER
fixed length control field 00662nam a22002297a 4500
001 - CONTROL NUMBER
JCCL Control Number 981
003 - CONTROL NUMBER IDENTIFIER
JCCL marc code BD-JhCC
005 - DATE AND TIME OF LATEST TRANSACTION
control field 20190901134018.0
008 - FIXED-LENGTH DATA ELEMENTS--GENERAL INFORMATION
fixed length control field 171012s2011 bg a|||| ||a| 00| 0 ben d
020 ## - INTERNATIONAL STANDARD BOOK NUMBER
International Standard Book Number 9847013801245
035 ## - SYSTEM CONTROL NUMBER
system control number (BD-JhCC)981
040 ## - CATALOGING SOURCE
Original cataloging agency BD-JhCC
Modifying agency BD-JhCC
041 ## - LANGUAGE CODE
Language code of Book ben
082 ## - DEWEY DECIMAL CLASSIFICATION NUMBER
DDC Edition number 23
Classification number 891.4435
Author mark and Year HAF 2011
100 ## - MAIN ENTRY--PERSONAL NAME
Personal name হাফিজ, হাসান
245 ## - TITLE STATEMENT
Title মন জুড়ানি রুপকথা /
Statement of responsibility, etc হাসান হাফিজ
260 ## - PUBLICATION, DISTRIBUTION, ETC. (IMPRINT)
Place of publication, distribution, etc ঢাকা :
Name of publisher, distributor, etc বিদ্যা প্রকাশ,
Date of publication, distribution, etc 2011
300 ## - PHYSICAL DESCRIPTION
Pagination 96 p. :
Dimensions 22 cm.
650 ## - SUBJECT ADDED ENTRY--TOPICAL TERM
Topical term or geographic name as entry element Bengali Short story
942 ## - ADDED ENTRY ELEMENTS (KOHA)
Source of classification or shelving scheme Dewey Decimal Classification
Koha item type Books
Koha issues (borrowed), all copies 3
Holdings
Source of classification or shelving scheme Damaged status Not for loan Home library Current library Date of accession Cost, normal purchase price Total Checkouts Full call number Barcode Date last seen Date checked out Copy number Koha item type
Dewey Decimal Classification     JCC Rouf Library JCC Rouf Library 10/12/2017 120.00 2 891.4435 HAF 2011 1969 09/11/2019 08/31/2019 C-1 Books

JCC Library | Contacts | JCC Home

Last Update on 23 September 2017
Copyright @ 2017-2020 JCC Rouf Library
Rouf Library, Jhenidah Cadet College (JCC), Bangladesh